LEADER 01621nam0 22003613i 450 001 VAN00253933 005 20250902094952.742 017 70$2N$a9789811648717 100 $a20230201d2022 |0itac50 ba 101 $aeng 102 $aSG 105 $a|||| ||||| 181 $ai$b e 182 $ab 183 $acr 200 1 $aGeology and Geochemistry of Molybdenum Deposits in the Qinling Orogen, P R China$feditors YanJing Chen ... [et al.] 210 $aSingapore$cSpringer$d2022 215 $aXVIII, 842 p.$cill.$d24 cm 410 1$1001VAN00239302$12001 $aModern Approaches in Solid Earth Sciences$1210 $aCham$cSpringer$d2008-$v22 620 $aSG$dSingapore$3VANL000061 676 $a551.9$cGeochimica$v22 676 $a551$cGeologia, idrogeologia, meteorologia$v22 676 $a549$cMineralogia$v22 702 1$aChen$bYanjing$3VANV207035 712 $aSpringer $3VANV108073$4650 801 $aIT$bSOL$c20250905$gRICA 856 4 $uhttps://link.springer.com/book/10.1007/978-981-16-4871-7$zE-book - Accesso al full-text attraverso riconoscimento IP di Ateneo, proxy e/o Shibboleth 899 $aBIBLIOTECA DEL DIPARTIMENTO DI SCIENZE E TECNOLOGIE AMBIENTALI BIOLOGICHE E FARMACEUTICHE$1IT-CE0101$2VAN17 912 $fN 912 $aVAN00253933 950 $aBIBLIOTECA DEL DIPARTIMENTO DI SCIENZE E TECNOLOGIE AMBIENTALI BIOLOGICHE E FARMACEUTICHE$d17CONS e-book 2307 $e17BIB2307/79 79 20230201 $sBuono 996 $aGeology and geochemistry of molybdenum deposits in the Qinling Orogen, P R China$92910442 997 $aUNICAMPANIA